000 00482nam a2200181Ia 4500
003 OSt
005 20251106094148.0
008 250729s2005 xx 000 0 und d
040 _cAL
041 _akan
082 _a894.51 SHAJ
100 _aಶಾಸ್ತ್ರಿ ಜಿ ವಿ
_9223951
245 _aಜ್ನಾನಪೀಠ ಪ್ರಶಸ್ತಿ ವಿಜೇತರು
260 _aಗದಗ
_c2005
300 _a72p
650 _aKannada
_9223952
942 _2ddc
_cBED
999 _c236161
_d236161